000 00842nam a22002177a 4500
999 _c9153
_d9153
003 AR-CdUCM
008 190327b ||||| |||| 00| 0 spa d
040 _aMUNICIPALIDAD PROVINCIAL DEL CUSCO
_cBIBLIOTECA MUNICIPAL DEL CUSCO
082 _a580.5 /
_bG52
110 _aGerencia regional de recursos naturales y gestión del medio ambiente
_925176
245 _aBioprospeccion de especies medicinales en el corredor vial interoceanico sur- Tramo II
260 _aCusco :
_bGobierno regional Cusco,
_c2009.
300 _a64 paginas ;
_bIlustracionesm
_c20 cm.
505 _aContenido :Bioprospeccion de especies medicinales en el corredor vial interoceanico sur- Tramo II /
650 _aBioprospeccion
_925189
650 _aRutas
_925190
650 _aRegistro
_925191
650 _aOcongate
_925192
942 _2ddc
_cLIBROS
945 _arjall